Регионална библиотека "Любен Каравелов" - Русе

Война и мир (Запис номер 425986)

MARC детайли
000 -Лидер
Контролно поле с фиксирана дължина nam a22 a 4500
003 - Код на организацията, давaща контролен номер
Контролно поле BLK
005 - Дата и час на последна редакция
Контролно поле 20210730084845.0
008 - Елементи от данни с фиксирана дължина
fixed length control field 180408b bul|||||r ||||||| ||bul||
040 ## - Източник на каталожния запис
Идентификатор на билиотеката - собственик на записа BLK
041 ## - Код за език
Код за езика на текст/звукозапис или на отделно заглавие Руски
Код за езика КДБФ Руски
080 ## - УДК
Текстов определител УДК Руска литература
УДК код - определител по УДК 821.161.1
УДК определител -31
УДК - код + определител 821.161.1-31
100 1# - Редна дума - Автор
Автор Толстой, Лев Николаевич
Авторска отговорност първи автор
R(LIN) 367573
139 ## - Редно поле
Редна дума Толстой, Лев Николаевич
Авторски знак Толст - Т 67
245 10 - Сведения за заглавието
Заглавие Война и мир
Подзаглавни данни [В 2 кн.]
Редно поле (дума) Лев Николаевич Толстой ; Послесл. С. Бычкова
Том [Кн. 2], т. 3-4
257 ## - Страна на издаване
Страна на създаване/издаване Русия
260 ## - Област на издателските данни
Име на издателя, разпространителя и проч. Гослитиздат
Година на издаване 1949
9 (RLIN) 438196
Място на издаване, разпространение и проч. Москва
300 ## - Физическа характеристика
Страници 784 с.
Размери/Мащаб 20 см
380 ## - Жанр
Жанр Худож. лит.
490 ## - СЕРИИ (Колекции)
9 (RLIN) 460412
Име на серия Библиотека русского романа
700 ## - Други автори (авторска отговорност)
9 (RLIN) 958
Лично име Бычков, С.
Автороска отговорност (Описва отношението между автора и произведението) послесл.
760 1# - Описание на основната серия
Редна дума на основното описание Толстой, Лев Николаевич
Страници - том 626 с., 26 л.
Заглавие Т. 3-4
852 ## - Местоположение
Форматна сигнатура Цб 8.200.36849
Фондова буква Хранилище
999 ## - СИСТЕМНИ КОНТРОЛНИ НОМЕРА
Koha biblionumber 425986
Koha biblioitemnumber 425986
942 ## - АРТИКУЛИ
Вид на библиотечния материал Книги
Скрит в OPAC Не
Периодичен библиозапис Да
944 ## - СЪЗДАВАНЕ И РЕДАКЦИЯ на ЗАПИСА
Създаване/Редакция Създаване
Дата на регистрацията/редакция 2021-07-30
Статус, дата на статуса 2021-07-30
Служител, извършил регистрацията/редакцията Ренета Константинова
999 ## - СИСТЕМНИ КОНТРОЛНИ НОМЕРА
Koha biblioitemnumber 396497
Наличности
Код за отписване Код за изгубен артикул Източник на класификационната схема Код за повреда Коз за рестрикции Код за отдаване Артикулен № Име на библиотеката - собственик Име на библиотеката, в която се намира в момента Статус (Текущо местоположение) Дата на вписване в системата Местоположение - отдел Цена в лева Инвентарен номер Систематично азбучна сигнатура Баркод Цена в евро Служебен тип на артикула
  Не е изгубен Universal Decimal Classification Не е повреден само за читалня ползва се в читалня 845895 Регионална библиотека "Любен Каравелов" Русе Регионална библиотека "Любен Каравелов" Русе Хранилище 2021-08-02 Основен фонд - ползва се само за читалня 1.12 36850-III-IV Цб 8.200.36849 900000071736 0.57 Книги
Vip Innovations Ltd, Rousse, Bulgaria 2025